Certamen religiosum, or, A conference between the late King of England and the late Lord Marquesse of Worcester concerning religion : together with a vindication of the Protestant cause from the pretences of the Marquesse his last papers which the necessity of the King's affaires denyed him oportunity to answer.

Bibliographic Details
Main Author: Bayly, Thomas, d. 1657?
Format: eBook
Language:English
Published: London : Printed for W. Lee and R. Royston ..., 1651.
Series:Early English books online.
Subjects:
Online Access:Connect to the full text of this electronic book

MARC

Tag First Indicator Second Indicator Subfields
LEADER 00000nam a2200000Ia 4500
001 in00004185521
005 20200807085608.0
006 m g d
007 cr bn |||a|bb|
008 811022s1651 enk o 00| | eng d
035 |a (OCoLC)7869808 
040 |a UMI  |c UMI  |d OCL  |d m/c  |d UMI  |d WaOLN 
037 |a CL0037000040  |b ProQuest Information and Learning. 300 N. Zeeb Rd., Ann Arbor, MI 48106 
043 |a e-uk--- 
090 |a BX1779  |b .B39 
049 |a UMIA 
100 1 |a Bayly, Thomas,  |d d. 1657? 
245 1 0 |a Certamen religiosum, or, A conference between the late King of England and the late Lord Marquesse of Worcester concerning religion :  |b together with a vindication of the Protestant cause from the pretences of the Marquesse his last papers which the necessity of the King's affaires denyed him oportunity to answer. 
260 |a London :  |b Printed for W. Lee and R. Royston ...,  |c 1651. 
300 |a 1 online resource ([12], 366, 84 pages) 
336 |a text  |b txt  |2 rdacontent 
337 |a computer  |b c  |2 rdamedia 
338 |a online resource  |b cr  |2 rdacarrier 
500 |a "To the reader" signed: C.C. 
500 |a Reproduction of original in the Bodleian Library. 
510 4 |a Wing  |c B1507. 
533 |a Electronic reproduction.  |b Ann Arbor, Mich. :  |c UMI,  |d 1999-  |f (Early English books online)  |n Digital version of: (Early English books, 1641-1700 ; 1195:4)  |7 s1999 miun s 
600 1 0 |a Worcester, Henry Somerset,  |c Marquis of,  |d 1577-1646. 
600 0 0 |a Charles  |b I,  |c King of England,  |d 1600-1649. 
650 0 |a Protestants  |z Great Britain. 
740 0 |a Conference between the late King of England and the late Lord Marquesse of Worcester concerning religion. 
830 0 |a Early English books online. 
856 4 0 |u http://proxy.library.tamu.edu/login?url=https://search.proquest.com/docview/2248537703  |z Connect to the full text of this electronic book  |t 0 
999 f f |s 67266530-9b6b-3b2c-b187-652b8371ea60  |i 7bb3d7a8-f14c-322e-aa8c-bc540cf49069  |t 0 
952 f f |a Texas A&M University  |b College Station  |c Electronic Resources  |d Available Online  |t 0  |e BX1779 .B39  |h Library of Congress classification 
998 f f |a BX1779 .B39  |t 0  |l Available Online